Producentské centrum prevzatých programov

Podrobná bibliografia
Médium: Článok
Jazyk:slovenčina
Predmet:

MARC

LEADER 00000nab a2200000 a 4500
001 vtls000525942
003 SK-MaSNL
005 20260303210027.0
008 120928c1994 xo 0 slo
015 |a SNBRA19rr/mm-uuuuu 
035 |a CL0526080 
040 |a SNKBUCL  |b slo  |c SNKBUCL  |e AACR2 
041 0 |a slo 
044 |a xo  |c SK 
080 |a 654.179:061.28(437.6):791.43.05  |2 1981 
080 |a 7.097(437.6)  |2 1981 
245 0 0 |a Producentské centrum prevzatých programov 
610 2 7 |a Slovenská televízia  |2 snkbucl  |9 115516 
655 7 |a články zo zborníkov  |2 snkbucl  |9 166140 
773 0 |t Slovenská televízia 1993  |d Bratislava : Slovenská televízia, 1994  |g S. 30-31 
850 |a Slovenská národná knižnica v Martine  |a MTA001 
852 |a SNK  |b KIS3GCP 
958 |a RK 
992 |a RZB 
999 |c 2198366  |d 2200296